|
|
|
|
| LEADER |
00000nab a2200000 a 4500 |
| 001 |
vtls000828808 |
| 003 |
SK-MaSNL |
| 005 |
20260302162713.0 |
| 008 |
180205c2003 xo 0 slo |
| 015 |
|
|
|a SNBRB2003/03-07612
|
| 035 |
|
|
|a CLN000180463
|
| 040 |
|
|
|a SNKBUCL
|b slo
|c SNKBUCL
|e AACR2
|
| 041 |
0 |
|
|a slo
|
| 044 |
|
|
|a xo
|c SK
|
| 080 |
|
|
|a 301.15/.18
|2 UDC-MRF-SK2
|
| 080 |
|
|
|a 008
|2 UDC-MRF-SK2
|
| 100 |
1 |
|
|a Šporer, Peter
|4 aut
|9 840908
|
| 245 |
1 |
0 |
|a Civilizácia dôvodom problémov civilizácie?
|c Peter Šporer
|
| 300 |
|
|
|b Fotogr.
|
| 650 |
0 |
7 |
|a spoločnosť
|x problémy civilizačné
|2 snkbucl
|9 862800
|
| 650 |
0 |
7 |
|a civilizácia
|2 snkbucl
|9 887
|
| 655 |
|
7 |
|a články z novín a časopisov
|2 snkbucl
|9 267496
|
| 773 |
0 |
|
|x 1336-1325
|t Formát
|g Roč. 2, č. 9 (2003), s. 21
|
| 850 |
|
|
|a Slovenská národná knižnica v Martine
|
| 852 |
|
|
|a SNK
|b KIS3GCP
|
| 958 |
|
|
|a RBX
|
| 999 |
|
|
|c 1381021
|d 1382951
|